На відстані душі (Запис № 18584)

000 -Маркер запису
Контрольне поле сталої довжини 01373nam a22002657a 4500
003 - Належність контрольного номера
Контрольне поле Uzh_bibl
008 - Кодовані дані
Контрольне поле сталої довжини 260629b |||||||| |||| 00| 0 ukr d
020 ## - Індекс ISBN
ISBN 5-7720-0546-6
Ціна 1.40
040 ## - Джерело каталогіз.
Служба первин.кат. укр.
041 ## - Код мови видання
Код мови оригіналу українська
Код мови тексту українська
080 ## - Індекс УДК
Індекс УДК 821(477)
090 ## - Шифри
Поличний індекс 821(477)
Авторський знак Г69
100 ## - Автор
Автор Горлач, Леонід
245 ## - Назва
Назва На відстані душі
Фізичний носій Текст
260 ## - Вихідні дані
Місце видання Київ
Видавництво Молодь
Дата видання 1991
300 ## - Фізичний опис
Обсяг 344 с.
Тип одиниці В опр.
490 ## - Серія
Назва серії Серія "Твори поетів - лауреатів респ. комс. премії ім. М. Островського"
520 ## - Анотація
Анотація Роздуми про місце й призначення людини на Землі, про минуле та сучасне рідної України, болючі екологічні проблеми і світлі інтимні почуття в центрі уваги автора, відомого українського поета.
521 ## - Примітка про цільове призначення
Примітка про цільове призначення Для широкого кола читачів
546 ## - Примітка про мову
Примітка про мову укр.
650 ## - Тематичні рубрики
Основна рубрика Літературно-художнє видання
Хронологічна підрубрика Минуле й сучасність України (XX століття)
Географічна підрубрика Україна
653 ## - Ключові слова
Ключові слова Україна
-- Людина
-- Кохання
-- Природа
-- Екологія
655 ## - Термін індексування — жанр/форма
Жанр/форма Поезія
Типове ділення Вибране
942 ## - ADDED ENTRY ELEMENTS (KOHA)
Джерело класифікації чи схема поличного розташування
Koha item type Книги
Фонди
Статус вилучення Статус втрати/відсутності Джерело класифікації чи схема поличного розташування Статус пошкодження Тип обігу (не для випозичання) Постійне розташування Поточне розташування Розташування у відділі Дата надходження Інвентарний номер Total Checkouts Повний (примірниковий) шифр зберігання Штрих-код Date last seen Дата, для якої чинна ціна заміни Тип одиниці (рівень примірника)
          Публічна бібліотека Публічна бібліотека Абонемент 29/06/2026 40732   821(477) 20627 29/06/2026 29/06/2026 Книги

Працює на АБІС Коха